LEADER 00827nam a2200241 i 4500 001 000000056741 003 CaOOAMICUS 005 20260407122946.0 008 071005s1940 it u000 u ita u 013 $a27913 040 $aSeMil$bita 100 1 $aSteinbeck, John,$d<1902-1968>.$0(OLS)http://semarc/name/15451 240 14$aThe grapes of wrath.$0(OLS)http://semarc/title/88257 245 10$aFurore /$cJohn Steinbeck. 250 $a30. Ed. 264 1$aMilano :$bBompiani,$c1940. 300 $a474 p. ;$c21 cm. 850 $aSeMil 852 $aSeMil$W1$xVenegono$y1$m1T III 77$j240250$B22895$CSeMilBibl$Z2$F22897 $81 961 $aOmaggio: Donazione 996 $6245$aFurore$9(OLS)http://semarc/title/88256 996 $6264$aMilano :$bBompiani$9(OLS)http://semarc/publisher/29706